02004cam a2200361 a 45000010009000000050017000090080041000260100017000670200015000840350023000990400025001220420014001470500024001610820017001851000032002022450105002342460037003392460058003762600046004343000034004805040066005145050464005806500071010446500047011157000020011628560106011828560091012888560092013799060045014719420012015169990019015289520095015471389642820250516120132.0050311s2006 caua b 001 0 eng d a 2005923996 a0534615678 a(OCoLC)ocm61346571 aNMWcNMWdBAKERdDLC alccopycat00aHV7419.5b.M37 200600a364.072bMAX1 aMaxfield, Michael G.98558810aBasics of research methods for criminal justice and criminology /cMichael G. Maxfield, Earl Babbie.30aCriminal justice and criminology30aResearch methods for criminal justice and criminology aBelmont, CA :bThomson/Wadsworth,cc2006. axiv, 361 p. :bill. ;c24 cm. aIncludes bibliographical references (p. 342-351) and indexes.0 aCriminal justice and scientific inquiry -- Theory and ethics in criminal justice research -- General issues in research design -- Concepts, operationalization, and measurement -- Experimental and quasi-experimental designs -- Overview of data collection and sampling -- Survey research and other ways of asking questions -- Field research -- Agency records, content analysis, and secondary data -- Evaluation research and policy analysis -- Interpreting data. 0aCriminal justice, Administration ofxResearchxMethodology.985589 0aCriminologyxResearchxMethodology.9855901 aBabbie, Earl R.423Contributor biographical informationuhttp://www.loc.gov/catdir/enhancements/fy1514/2005923996-b.html423Publisher descriptionuhttp://www.loc.gov/catdir/enhancements/fy1514/2005923996-d.html413Table of contents onlyuhttp://www.loc.gov/catdir/enhancements/fy1514/2005923996-t.html a7bcbcccopycatd2eepcnf20gy-gencatlg 2ddccBK c613763d613763 00102ddc4070aNLSbNLSd2025-05-16l0o364.072 MAXpNLSD-83r2025-05-16w2025-05-16yBK